00825nam a2200217 a 450000100100000000500170001000800410002702000150006804000250008308200150010810000370012324501010016026000430026130000330030449000220033750000730035983000300043204900090046295201190047199900170059000002307620200930021954.0101126s1985 ck a r 000 p spa d a8433430645 aDO-SdBNPbspacBNPHU aNNNbP231a1 aPariente, Ángel,d1937-94750610aAntología de la poesía surrealista en lengua española /cÁngel Manuel Aragón Pariente. aMadrid, (España) :bJúncar,c1985. a446, [2] p. :bil. ;c18 cm.1 aLos poetasv64/65 aIncluye referencias bibliográfica y notas al pie de las páginas. 0aLos poetas ;v64/6599199 aBNGR 001054708MOaGRbGRcCTd2010-11-26iLF1l0oNNN P231ap23076-10r2020-06-25w2020-06-25y4ZPréstamo en sala c22573d22573